عرض عادي عرض مارك
  • Liyanage, Marc.

مدخل إسم شخص

عدد التسجيلات المستخدمة في: 1

001 - رقم الضبط

  • حقل الضبط: 8769

003 - معرف رقم الضبط

  • حقل الضبط: OSt

005 - تاريخ ووقت أخر عملية

  • حقل الضبط: 20111220175451.0

008 - عناصر بيانات ثابتة الطول

  • حقل تحكم ثابت الطول: 111220|||a|||||| | ||| d

040 ## - مصدر الفهرسة

  • هيئة الفهرسة الأصلية: OSt
  • وكالة الكتابة: OSt

100 ## - مدخل -- أسم شخص

  • إسم شخص: Liyanage, Marc.

670 ## - بيانات المصدر موجوده

  • الاستشهاد بالمصدر: Work cat.: (OSt)3706: Ullman, Larry E. (Larry Edward), 1972- 8767, C programming /, c2005.